Licence and leisure property supplement (Record no. 74340)

MARC details
000 -LEADER
fixed length control field 01661cab a2200385 4500
001 - CONTROL NUMBER
control field ABS67604
008 - FIXED-LENGTH DATA ELEMENTS--GENERAL INFORMATION
fixed length control field 040401n2004 000 0 eng u
035 ## - SYSTEM CONTROL NUMBER
System control number (Sirsi) u125709
100 ## - MAIN ENTRY--PERSONAL NAME
Personal name Kivlehan, N.
245 ## - TITLE STATEMENT
Title Licence and leisure property supplement
260 ## - PUBLICATION, DISTRIBUTION, ETC.
Date of publication, distribution, etc. 2004
490 ## - SERIES STATEMENT
Series statement Estates Gazette
Volume/sequential designation 27 March 2004 (26) (LOAN)
520 ## - SUMMARY, ETC.
Summary, etc. In the first article "Casinos", three operators talk about their plans post-modernisation of the gaming industry. "Restaurants" examines whether locating in off-pitch sites makes for successful restaurants. "Profile" looks at the Spirit Group's growing empire before an expected £3bn flotation. "Nightclubs" assesses the impact of late night bars on the profitability of traditional nightclubs. "Health and fitness" asks whether gym operators can overcome tough market conditions to expand. "Hotels" considers if the budget hotel sector is being held back due to a lack of affordable sites. "Future trends" explores what will be the next big trend in the leisure market. The final article "Deals" rounds-up the latest pub, restaurant and hotel deals.
590 ## - LOCAL NOTE (RLIN)
Local note ABS
650 ## - SUBJECT ADDED ENTRY--TOPICAL TERM
Topical term or geographic name entry element LEISURE INDUSTRY
650 ## - SUBJECT ADDED ENTRY--TOPICAL TERM
Topical term or geographic name entry element RESTAURANTS
650 ## - SUBJECT ADDED ENTRY--TOPICAL TERM
Topical term or geographic name entry element HOTEL INDUSTRY
650 ## - SUBJECT ADDED ENTRY--TOPICAL TERM
Topical term or geographic name entry element BUDGET HOTELS
650 ## - SUBJECT ADDED ENTRY--TOPICAL TERM
Topical term or geographic name entry element GYMS
650 ## - SUBJECT ADDED ENTRY--TOPICAL TERM
Topical term or geographic name entry element NIGHTCLUBS
650 ## - SUBJECT ADDED ENTRY--TOPICAL TERM
Topical term or geographic name entry element LATE OPENING
650 ## - SUBJECT ADDED ENTRY--TOPICAL TERM
Topical term or geographic name entry element PUBS
650 ## - SUBJECT ADDED ENTRY--TOPICAL TERM
Topical term or geographic name entry element CASINOS
650 ## - SUBJECT ADDED ENTRY--TOPICAL TERM
Topical term or geographic name entry element GAMING LAWS
650 ## - SUBJECT ADDED ENTRY--TOPICAL TERM
Topical term or geographic name entry element TRENDS
650 ## - SUBJECT ADDED ENTRY--TOPICAL TERM
Topical term or geographic name entry element DEALS
690 ## - LOCAL SUBJECT ADDED ENTRY--TOPICAL TERM (OCLC, RLIN)
Topical term or geographic name as entry element PROPERTY-COMMERCIAL PROPERTY
700 ## - ADDED ENTRY--PERSONAL NAME
Personal name Irvine, R.
700 ## - ADDED ENTRY--PERSONAL NAME
Personal name Elghamry, N.
700 ## - ADDED ENTRY--PERSONAL NAME
Personal name Neale, J.
700 ## - ADDED ENTRY--PERSONAL NAME
Personal name Meadwell, S.
700 ## - ADDED ENTRY--PERSONAL NAME
Personal name Morrison, A.
700 ## - ADDED ENTRY--PERSONAL NAME
Personal name Quinn, D.
942 ## - ADDED ENTRY ELEMENTS (KOHA)
Suppress in OPAC 0
Holdings
Withdrawn status Lost status Source of classification or shelving scheme Damaged status Not for loan Home library Current library Shelving location Date acquired Total Checkouts Full call number Barcode Date last seen Copy number Price effective from Koha item type
    Dewey Decimal Classification     London London Journal article 01/04/2004   ABS67604 125709-1001 06/08/2019 1 06/08/2019 Journal article